|
|
|
|
| LEADER |
02264nam a2200565 a 4500 |
| 001 |
nkc20051628195 |
| 003 |
CZ PrNK |
| 005 |
20241126083727.0 |
| 007 |
ta |
| 008 |
051021s2005 xr f 001 0 cze |
| 015 |
|
|
|a cnb001628195
|
| 020 |
|
|
|a 80-86498-11-5
|q (brož.)
|
| 035 |
|
|
|a (OCoLC)228497264
|
| 040 |
|
|
|a OLA001
|b cze
|d ABA001
|
| 045 |
|
|
|a x0x6
|
| 072 |
|
7 |
|a 27-1/-2
|x Křesťanská teologie. Dogmatická teologie
|2 Konspekt
|9 5
|
| 080 |
|
|
|a 274/278-1
|2 MRF
|
| 080 |
|
|
|a 27-284
|2 MRF
|
| 080 |
|
|
|a 14:27
|2 MRF
|
| 080 |
|
|
|a 27-184.3
|2 MRF
|
| 080 |
|
|
|a 27-285.4
|2 MRF
|
| 080 |
|
|
|a (048.8)
|2 MRF
|
| 100 |
1 |
|
|a Gallus, Petr,
|d 1979-
|7 xx0035004
|4 aut
|
| 245 |
1 |
0 |
|a Člověk mezi nebem a zemí :
|b pojetí víry u P. Tillicha a K. Bartha /
|c Petr Gallus
|
| 250 |
|
|
|a Vyd. 1.
|
| 260 |
|
|
|a Jihlava :
|b Mlýn,
|c 2005
|
| 300 |
|
|
|a 515 s. ;
|c 21 cm
|
| 500 |
|
|
|a Vydáno v rámci grantového projektu č. 417/2005 A TFP "Pojetí víry u P. Tillicha a K. Bartha"
|
| 504 |
|
|
|a Obsahuje bibliografie, bibliografické odkazy a rejstřík
|
| 600 |
1 |
7 |
|a Tillich, Paul,
|d 1886-1965
|7 jn20000701816
|2 czenas
|
| 600 |
1 |
7 |
|a Barth, Karl,
|d 1886-1968
|7 jn20000700121
|2 czenas
|
| 648 |
|
7 |
|a 20. století
|7 ch460558
|2 czenas
|
| 650 |
0 |
7 |
|a protestantská teologie
|7 ph124664
|y 20. století
|2 czenas
|
| 650 |
0 |
7 |
|a systematická teologie
|7 ph139374
|y 20. století
|2 czenas
|
| 650 |
0 |
7 |
|a křesťanská filozofie
|7 ph138449
|y 20. století
|2 czenas
|
| 650 |
0 |
7 |
|a křesťanská víra
|7 ph122113
|x teorie
|2 czenas
|
| 650 |
0 |
7 |
|a křesťanské polemiky
|7 ph138482
|y 20. století
|2 czenas
|
| 650 |
0 |
9 |
|a Protestant theology
|y 20th century
|2 eczenas
|
| 650 |
0 |
9 |
|a systematic theology
|y 20th century
|2 eczenas
|
| 650 |
0 |
9 |
|a Christian philosophy
|y 20th century
|2 eczenas
|
| 650 |
0 |
9 |
|a Christian faith
|x theory
|2 eczenas
|
| 650 |
0 |
9 |
|a Christian polemics
|y 20th century
|2 eczenas
|
| 655 |
|
7 |
|a srovnávací studie
|7 fd133583
|2 czenas
|
| 655 |
|
9 |
|a comparative studies
|2 eczenas
|
| 910 |
2 |
|
|a BOA001
|b 2-1176.047
|
| 990 |
|
|
|a BK
|
| 995 |
|
|
|a 01
|
| 991 |
|
|
|b 200611
|c NOV
|
| 996 |
6 |
|
|b 2610292723
|c 2-1176.047
|l MZK
|r Sklad / do 1 hodiny
|n 0
|p p.v.
|w 000829376
|u 000010
|a 1
|e BOA001
|j MZK50
|s P
|
| 996 |
7 |
|
|b 2610330916
|c 2-1176.047
|l MZK
|r Sklad / do 1 hodiny
|n 4
|p p.v.
|w 000829376
|u 000020
|a 1
|e BOA001
|j MZK50
|s A
|